000 00987nam a2200229Ia 4500
001 17747
005 20260417171437.0
008 260306s9999||||xx |||||||||||||| ||und||
041 _aESP
082 _a658.15
_bV28 2010
100 _aVan Horne, James C.
_eAUT
245 0 _aFundamentos de administración financiera
260 _c2010
300 _axxiii, 719 páginas :
_c27 cm.
650 _aGEN
654 _aCAN
856 _uhttps://itmsp.museknowledge.com/UCSP?url=https://www.ebooks7-24.com:443/?il=3412&pg=1
_zVersión digital
856 _uhttps://0u213wx2t-y-https-ebooks7--24-com.itmsp.museknowledge.com/biblioteca.aspx
_zVéase además: Base de datos Ebook7-24
856 _uhttps://0u20fwx2v-y-https-research-ebsco-com.itmsp.museknowledge.com/c/qxo6us/search
_zVéase además: Base de datos EBSCOhost
856 _uhttps://0u20ywx33-y-https-www-bibliotechnia-com-mx.itmsp.museknowledge.com/
_zVéase además: Base de datos BiblioTechnia
942 _cLIB
_dJUS
_fJUS
_2ddc
999 _c17747
_d17747